Star Wars: The Bad Batch (Season 2) A-Z - Statistics

General Stats
  • This quiz has been taken 31 times
  • The average score is 10 of 24
Answer Stats
Letter Hint Answer % Correct
C A Trandoshan female residing on Ord Mantell, whom Clone Force 99 cuts ties with Ciddarin Scaleback
96%
G A male Wookiee Jedi Gungi
96%
K Tall, thin sentient species known for cloning and genetic engineering Kaminoan
87%
M The nickname of a clone commander stationed on the planet Barton IV to guard the outpost Mayday
70%
R A human male chief scientist of Advanced Science Division Royce Hemlock
70%
Z A semi-sentient, reptilian species that had been cloned by the Empire Zillo Beast
70%
E A scientist working in the Advanced Science Division and is revealed to be a female clone Emerie Karr
61%
O Human male commander at the Imperial summit who oversees Project Stardust Orson Krennic
57%
P A female human pirate who works with Clone Force 99 Phee Genoa
52%
W A stormtrooper Clone Captain who oversaw the transfer of the late Count Dooku's war chest and was shot by Admiral Rampart Wilco
52%
F The nickname of a clone trooper who joined Rex's clone resistance network Fireball
48%
D A planet governed by Tawni Ames that rejected Imperial rule Desix
39%
T A masculine programed racer droid participated in Riot Racing TAY-0
39%
B A human male thief and miner who steals Clone Force 99's ship Benni Baro
35%
N A clone stormtrooper who served under the command of Commander Cody Nova
35%
V The nickname of a clone stormtrooper stationed on the planet Barton IV to guard the outpost Veetch
30%
L A human who resided in Pabu, and daughter of the mayor Lyana Hazard
26%
H A human male general of the Galactic Empire who attended the Imperial summit Hurst Romodi
17%
Y A Wookiee female who was leader of a sanctuary on the planet Kashyyyk Yanna
17%
A A criminal cartel run entirely by droids and headquartered in a space station {Axis} Vanguard
13%
I A type of volatile and highly combustible mineral Ipsium
13%
S Name of a planet, as well as an ancient walker and superweapon Skara Nal
9%
J A male Nosaurian racer who participated in Riot Racing Jet Venim
4%
Q A monster droid racer who participated in Riot Racing, also known as "Quick-draw" Quasar
4%
No matching quizzes found
Score Distribution
Percent of People with Each Score
Percentile by Number Answered
Your Score History
You have not taken this quiz